<?xml version="1.0" encoding="UTF-8"?>
<record
    xmlns:xsi="http://www.w3.org/2001/XMLSchema-instance"
    xsi:schemaLocation="http://www.loc.gov/MARC21/slim http://www.loc.gov/standards/marcxml/schema/MARC21slim.xsd"
    xmlns="http://www.loc.gov/MARC21/slim">

  <leader>00873nab a2200241 uc4500</leader>
  <controlfield tag="001">629691</controlfield>
  <controlfield tag="005">20240305090144.0</controlfield>
  <controlfield tag="008">001011e19990701                    spa  </controlfield>
  <datafield tag="035" ind1=" " ind2=" ">
    <subfield code="a">629691</subfield>
  </datafield>
  <datafield tag="035" ind1=" " ind2=" ">
    <subfield code="a">(OCoLC)819846977</subfield>
  </datafield>
  <datafield tag="040" ind1=" " ind2=" ">
    <subfield code="c">comduadb</subfield>
  </datafield>
  <datafield tag="041" ind1=" " ind2=" ">
    <subfield code="a">spa</subfield>
  </datafield>
  <datafield tag="100" ind1="1" ind2="0">
    <subfield code="a">Garcia Casta&#xF1;o, Jose Roberto</subfield>
    <subfield code="4">aut</subfield>
    <subfield code="e">aut</subfield>
    <subfield code="9">512149</subfield>
  </datafield>
  <datafield tag="245" ind1="1" ind2="0">
    <subfield code="a">Mujer, trabajo y violencia</subfield>
  </datafield>
  <datafield tag="650" ind1=" " ind2="7">
    <subfield code="a">Trabajo de la mujer</subfield>
    <subfield code="2">lemb</subfield>
    <subfield code="9">5283</subfield>
  </datafield>
  <datafield tag="650" ind1=" " ind2="7">
    <subfield code="a">Violencia contra la mujer</subfield>
    <subfield code="2">lemb</subfield>
    <subfield code="9">2055</subfield>
  </datafield>
  <datafield tag="650" ind1=" " ind2="7">
    <subfield code="a">Derechos de la mujer</subfield>
    <subfield code="2">lemb</subfield>
    <subfield code="9">992</subfield>
  </datafield>
  <datafield tag="650" ind1=" " ind2="7">
    <subfield code="a">Mujeres</subfield>
    <subfield code="x">Condiciones sociales</subfield>
    <subfield code="2">lemb</subfield>
    <subfield code="9">38250</subfield>
  </datafield>
  <datafield tag="650" ind1=" " ind2="7">
    <subfield code="a">Mujeres en la pol&#xED;tica</subfield>
    <subfield code="2">lemb</subfield>
    <subfield code="9">6075</subfield>
  </datafield>
  <datafield tag="700" ind1="1" ind2="0">
    <subfield code="a">Lasso Jurado, Claudio</subfield>
    <subfield code="4">aut</subfield>
    <subfield code="e">aut</subfield>
    <subfield code="9">332565</subfield>
  </datafield>
  <datafield tag="773" ind1="0" ind2=" ">
    <subfield code="t">Revista Criterios : Revista de Investigaciones de la Universidad Mariana (Pasto)</subfield>
    <subfield code="g">N&#xFA;mero 09, Julio-Diciembre 1999, p. 26-46</subfield>
    <subfield code="w">622185</subfield>
    <subfield code="x">0121-8670</subfield>
    <subfield code="0">160490</subfield>
  </datafield>
  <datafield tag="942" ind1=" " ind2=" ">
    <subfield code="c">ARIMP</subfield>
  </datafield>
  <datafield tag="999" ind1=" " ind2=" ">
    <subfield code="c">162913</subfield>
    <subfield code="d">162913</subfield>
  </datafield>
</record>
